La divina proporción / (Record no. 113580)

MARC details
000 -LEADER
campo de control de longitud fija 00735nam a2200205 4500
001 - NÚMERO DE CONTROL
campo de control 113580
003 - IDENTIFICADOR DE NÚMERO DE CONTROL
campo de control ES-MaACL
005 - FECHA Y HORA DE LA ÚLTIMA TRANSACCIÓN
campo de control 20250430203732.0
007 - CAMPO FIJO DE DESCRIPCIÓN FÍSICA--INFORMACIÓN GENERAL
campo de control de longitud fija t|
008 - DATOS DE LONGITUD FIJA--INFORMACIÓN GENERAL
campo de control de longitud fija 061121s1946 ag r ||||1| spa d
100 1# - ENTRADA PRINCIPAL--NOMBRE DE PERSONA
Nombre de persona Pacioli, Luca.
9 (RLIN) 88149
245 13 - MENCIÓN DEL TÍTULO
Título La divina proporción /
Mención de responsabilidad, etc. Luca Pacioli ; traducción del italianao , de la edición de 1905 por Ricardo Resta ; prólogo de Aldo Mieli ; soneto de Rafael Alberti.
260 ## - PUBLICACIÓN, DISTRIBUCIÓN, ETC.
Lugar de publicación, distribución, etc. Buenos Aires :
Nombre del editor, distribuidor, etc. Losada,
Fecha de publicación, distribución, etc. 1946.
300 ## - DESCRIPCIÓN FÍSICA
Extensión 343 p. 47 láms. :
Otras características físicas `Retr. aut.` ;
Dimensiones 28 cm.
700 1# - ENTRADA AGREGADA--NOMBRE PERSONAL
Nombre de persona Resta, Ricardo.
9 (RLIN) 96339
700 1# - ENTRADA AGREGADA--NOMBRE PERSONAL
Nombre de persona Mieli, Aldo.
9 (RLIN) 80965
700 1# - ENTRADA AGREGADA--NOMBRE PERSONAL
Nombre de persona Alberti, Rafael,
Fechas asociadas al nombre 1902-1999
9 (RLIN) 240174
852 ## - LOCALIZACIÓN
Ubicación ES-MaACL
Número de control de estantería C-4453
Sublocalización o colección R.24289
Holdings
Estatus retirado Estado de pérdida Estado de daño No para préstamo Biblioteca de origen Biblioteca actual Ubicación en estantería Fecha de adquisición Fuente de adquisición Total de préstamos Signatura topográfica completa Código de barras Visto por última vez Precio de reemplazo Tipo de ítem Koha
        Biblioteca del Ateneo de Madrid Biblioteca del Ateneo de Madrid Sala Palomar 17/01/2008     C-4453 1118457 23/02/2023 23/02/2023 Libro impreso